[Event "26th Chicago Open"]
[Site "Wheeling, IL"]
[Date "2017.05.28"]
[Round "7.17"]
[White "Gurevich, Dmitry"]
[Black "Vibbert, Sean"]
[Result "1/2-1/2"]
[WhiteElo "2454"]
[BlackElo "2316"]
[PlyCount "53"]
[EventDate "2017.05.??"]
[EventType "swiss"]
[EventRounds "9"]
[EventCountry "USA"]

1. Nf3 Nf6 2. c4 c5 3. Nc3 Nc6 4. d4 cxd4 5. Nxd4 a6 6. e4 e6 7. Nxc6 dxc6 8.
Qxd8+ Kxd8 9. e5 Nd7 10. Bf4 Bb4 11. O-O-O Bxc3 12. bxc3 a5 13. h4 a4 14. h5
Ra5 15. h6 g6 16. Rh3 Ke8 17. Re3 Rf8 18. g3 f6 19. exf6 Rxf6 20. Bc7 Rh5 21.
g4 Rh1 22. f4 e5 23. f5 gxf5 24. gxf5 Rxf5 25. Bd3 Rxd1+ 26. Kxd1 Rh5 27. Bxh7
1/2-1/2

[Event "26th Chicago Open"]
[Site "Wheeling, IL"]
[Date "2017.05.28"]
[Round "7.21"]
[White "Li, Ben"]
[Black "Larson, Matthew"]
[Result "0-1"]
[WhiteElo "2263"]
[BlackElo "2367"]
[Annotator "Hater,David"]
[PlyCount "66"]
[EventDate "2017.05.??"]
[EventType "swiss"]
[EventRounds "9"]
[EventCountry "USA"]
[TimeControl "40/2:0"]

1. d4 Nf6 2. c4 c5 3. d5 b5 4. cxb5 a6 5. e3 axb5 6. Bxb5 Qa5+ 7. Nc3 Bb7 8.
Bd2 Qb6 9. Nf3 Nxd5 10. O-O e6 11. a4 Be7 12. a5 Qc7 13. Nxd5 Bxd5 14. Bc3 O-O
15. Qe2 f5 16. Nd2 Bc6 17. Bxc6 Nxc6 18. Nc4 d5 19. Nb6 Rab8 20. Rfd1 Kh8 21.
Rac1 Bd6 22. h3 f4 23. e4 f3 24. gxf3 Qf7 25. Qf1 d4 26. Nc4 Bc7 27. Be1 Qh5
28. Ra1 Rxf3 29. Rd3 Qg5+ 30. Kh1 Qf4 31. e5 Nxe5 32. Nxe5 Bxe5 33. Kg2 Rf8 0-1

[Event "26th Chicago Open"]
[Site "Wheeling, IL"]
[Date "2017.05.28"]
[Round "7.22"]
[White "Shen, Christopher"]
[Black "Perez, Robert"]
[Result "0-1"]
[WhiteElo "2206"]
[BlackElo "2365"]
[PlyCount "62"]
[EventDate "2017.05.??"]
[EventType "swiss"]
[EventRounds "9"]
[EventCountry "USA"]

1. c4 c5 2. g3 Nc6 3. Bg2 g6 4. Nc3 Bg7 5. e3 e5 6. Nge2 Nge7 7. O-O O-O 8. d3
d6 9. Rb1 Be6 10. Nd5 Rb8 11. Nec3 a6 12. a3 b5 13. cxb5 axb5 14. b4 Nxd5 15.
Nxd5 Ne7 16. Nxe7+ Qxe7 17. Bb2 Rfd8 18. Qd2 c4 19. d4 f5 20. d5 Bd7 21. e4 Rf8
22. f4 exf4 23. Bxg7 Qxg7 24. Qxf4 fxe4 25. Qxd6 e3 26. Rxf8+ Rxf8 27. Rf1
Rxf1+ 28. Bxf1 Qf8 29. Qxf8+ Kxf8 30. a4 c3 31. Bd3 bxa4 0-1

[Event "26th Chicago Open"]
[Site "Wheeling, IL"]
[Date "2017.05.28"]
[Round "7.23"]
[White "Whaley, Davis"]
[Black "Hong, Andrew"]
[Result "1-0"]
[WhiteElo "2185"]
[BlackElo "2383"]
[PlyCount "83"]
[EventDate "2017.05.??"]
[EventType "swiss"]
[EventRounds "9"]
[EventCountry "USA"]

1. d4 d5 2. c4 e6 3. Nc3 c6 4. e4 dxe4 5. Nxe4 Bb4+ 6. Bd2 Qxd4 7. Bxb4 Qxe4+
8. Be2 a5 9. Bd6 Nh6 10. Nf3 Nf5 11. Ba3 Nd7 12. O-O c5 13. Bd3 Qf4 14. b3 O-O
15. Qc2 g6 16. Bc1 Qc7 17. Bxf5 gxf5 18. Bh6 Re8 19. Rfe1 f6 20. Nh4 Ne5 21.
Qc3 Qf7 22. Rxe5 fxe5 23. Qg3+ Kh8 24. Qxe5+ Kg8 25. Qg3+ Kh8 26. Qe5+ Kg8 27.
Rd1 Qe7 28. Rd3 f4 29. Bxf4 Qxh4 30. Rg3+ Qxg3 31. hxg3 Re7 32. Qg5+ Kf7 33.
Qh5+ Kg8 34. Qg5+ Kf7 35. Qh5+ Kg8 36. Bd6 Rf7 37. Qg5+ Rg7 38. Qd8+ Kf7 39.
Be5 Rg6 40. Qh8 Rh6 41. Qg7+ Ke8 42. Bd6 1-0

[Event "26th Chicago Open"]
[Site "Wheeling, IL"]
[Date "2017.05.28"]
[Round "7.26"]
[White "Ampie, Mauro"]
[Black "Gorti, Akshita"]
[Result "1/2-1/2"]
[WhiteElo "2327"]
[BlackElo "2240"]
[PlyCount "102"]
[EventDate "2017.05.??"]
[EventType "swiss"]
[EventRounds "9"]
[EventCountry "USA"]

1. e4 e6 2. Nc3 d5 3. d4 Bb4 4. e5 c5 5. Bd2 Nh6 6. Nb5 Bxd2+ 7. Qxd2 O-O 8. f4
cxd4 9. Nxd4 f6 10. Ngf3 Nc6 11. Nxc6 bxc6 12. O-O-O c5 13. c3 Rb8 14. Kb1 Qb6
15. exf6 Rxf6 16. g3 Nf5 17. Bd3 Ba6 18. Bxf5 Rxf5 19. Ne5 Rb7 20. h4 Rf8 21.
Rh2 Bb5 22. h5 a5 23. Re1 a4 24. a3 Qd6 25. h6 g6 26. g4 d4 27. Rf2 Bd7 28. Rd1
Qd5 29. cxd4 c4 30. Qc3 Rc8 31. Qf3 Qxf3 32. Rxf3 c3 33. Rf2 Rcb8 34. Nxd7 Rxd7
35. Rd3 cxb2 36. Rxb2 Rf8 37. Rb4 Rxf4 38. Rxa4 Rxg4 39. Re3 Rgxd4 40. Rxd4
Rxd4 41. Rxe6 Rh4 42. Kc2 Kf7 43. Re1 Rxh6 44. a4 Rh3 45. Ra1 Re3 46. a5 h5 47.
a6 Re8 48. a7 Ra8 49. Ra6 h4 50. Kd3 h3 51. Ra2 g5 1/2-1/2

[Event "26th Chicago Open"]
[Site "Wheeling, IL"]
[Date "2017.05.28"]
[Round "7.27"]
[White "Aaron, Deepak"]
[Black "Wang, Michael"]
[Result "1/2-1/2"]
[WhiteElo "2320"]
[BlackElo "2224"]
[PlyCount "93"]
[EventDate "2017.05.??"]
[EventType "swiss"]
[EventRounds "9"]
[EventCountry "USA"]

1. e4 e5 2. Nf3 Nc6 3. d4 exd4 4. Nxd4 Bb4+ 5. c3 Bc5 6. Be3 Bb6 7. Nf5 g6 8.
Bxb6 axb6 9. Ne3 Nf6 10. f3 O-O 11. Bc4 d6 12. O-O Be6 13. Bxe6 fxe6 14. Qb3
Qd7 15. Nd2 d5 16. Rad1 Qf7 17. a3 Rad8 18. Nc2 dxe4 19. fxe4 e5 20. Qb5 Qe6
21. Ne3 Rd7 22. Rf2 Ne7 23. Rdf1 Rdd8 24. Qa4 Kg7 25. c4 Ng4 26. Rxf8 Rxf8 27.
Rxf8 Kxf8 28. Nd5 Nxd5 29. cxd5 Qf6 30. Nf3 Qf4 31. Qb4+ Kg8 32. Qe1 h5 33. h3
Nf6 34. Nd2 h4 35. Qf2 Qg5 36. Kh2 Kg7 37. a4 Nh5 38. Nf1 Qc1 39. b3 Qd1 40. b4
Qd3 41. Qf3 Qb1 42. a5 bxa5 43. bxa5 Qe1 44. Qd3 Nf4 45. Qa3 Kf7 46. Qc5 c6 47.
Qd6 1/2-1/2

[Event "26th Chicago Open"]
[Site "Wheeling, IL"]
[Date "2017.05.28"]
[Round "7.28"]
[White "Santarius, Erik"]
[Black "Balleisen, Aaron"]
[Result "1/2-1/2"]
[WhiteElo "2302"]
[BlackElo "2217"]
[PlyCount "129"]
[EventDate "2017.05.??"]
[EventType "swiss"]
[EventRounds "9"]
[EventCountry "USA"]

1. e4 e5 2. Nf3 Nc6 3. Bb5 a6 4. Ba4 Nf6 5. O-O Be7 6. d3 b5 7. Bb3 d6 8. c3
O-O 9. Re1 Na5 10. Bc2 c5 11. Nbd2 Re8 12. Nf1 g6 13. Bg5 Nd7 14. Bxe7 Qxe7 15.
a4 Bb7 16. Qd2 f5 17. b4 fxe4 18. dxe4 Nc4 19. Bb3 cxb4 20. cxb4 Nf6 21. Qd3
Kg7 22. N3d2 Nb2 23. Qe3 Nxa4 24. Bxa4 bxa4 25. Rxa4 Bc6 26. Ra2 d5 27. Rc1 d4
28. Qf3 Rec8 29. Ng3 Bxe4 30. Qa3 Bb7 31. Re1 Nd5 32. Qb2 Nxb4 33. Ra3 Nc2 34.
Rxe5 Qxe5 35. Qxb7+ Rc7 36. Qxa8 Nxa3 37. Qxa6 Nb5 38. h4 Nd6 39. Nf3 Qf6 40.
Ne2 Nf5 41. Qxf6+ Kxf6 42. Nexd4 Nxd4 43. Nxd4 Ke5 44. Ne2 Rc2 45. Kf1 Ke4 46.
g3 Rb2 47. Ng1 h6 48. Kg2 g5 49. hxg5 hxg5 50. Nf3 Rb5 51. Nh2 Ra5 52. Ng4 Ra4
53. Ne3 Rb4 54. Ng4 Rb3 55. Nh2 Kf5 56. Nf3 Ra3 57. Nd2 Rd3 58. Nf1 g4 59. Nh2
Rd2 60. Nf1 Re2 61. Nh2 Rd2 62. Nf1 Re2 63. Nh2 Rd2 64. Nf1 Re2 65. Nh2 1/2-1/2

[Event "26th Chicago Open"]
[Site "Wheeling, IL"]
[Date "2017.05.28"]
[Round "7.29"]
[White "Young, Angelo"]
[Black "Furfine, Jacob"]
[Result "1/2-1/2"]
[WhiteElo "2281"]
[BlackElo "2191"]
[PlyCount "80"]
[EventDate "2017.05.??"]
[EventType "swiss"]
[EventRounds "9"]
[EventCountry "USA"]

1. d4 Nf6 2. Nf3 d5 3. Bf4 c5 4. c3 Qb6 5. Qb3 Nc6 6. dxc5 Qxc5 7. Nbd2 g6 8.
Ne5 Bg7 9. e3 O-O 10. Qb5 Nd7 11. Nxd7 Qxb5 12. Nf6+ Bxf6 13. Bxb5 Bf5 14. h4
Ne5 15. Bxe5 Bxe5 16. Nf3 Bf6 17. Nd4 Bc8 18. Be2 Rd8 19. O-O-O Bd7 20. f4 Re8
21. Nf3 Bc6 22. Ne5 Rad8 23. Bf3 Bg7 24. Rhe1 Bxe5 25. fxe5 f6 26. exf6 exf6
27. Rd4 Kf7 28. Kd2 Re5 29. Ke2 Rde8 30. Kf2 f5 31. b3 R8e7 32. Re2 h6 33. g3
g5 34. hxg5 hxg5 35. c4 dxc4 36. Bxc6 bxc6 37. Rxc4 c5 38. Rec2 Rxe3 39. Rxc5
Kf6 40. Rc6+ R3e6 1/2-1/2

[Event "26th Chicago Open"]
[Site "Wheeling, IL"]
[Date "2017.05.28"]
[Round "7.30"]
[White "Zhang, Yuanchen"]
[Black "Vishnuvardhan, Arjun"]
[Result "1/2-1/2"]
[WhiteElo "2585"]
[BlackElo "2157"]
[PlyCount "75"]
[EventDate "2017.05.??"]
[EventType "swiss"]
[EventRounds "9"]
[EventCountry "USA"]

1. d4 f5 2. g3 Nf6 3. Bg2 e6 4. c4 d5 5. Nh3 c6 6. O-O Bd6 7. Nd2 O-O 8. Qc2 a5
9. Nf3 Ne4 10. Ne5 Nd7 11. Nxd7 Bxd7 12. f3 Nf6 13. c5 Be7 14. Bd2 b6 15. Nf2
bxc5 16. dxc5 e5 17. Nd3 Qc7 18. f4 e4 19. Ne5 Ng4 20. Nxg4 fxg4 21. Be3 Bf6
22. Rfd1 Bc8 23. Bd4 Rb8 24. e3 Ba6 25. b3 Qb7 26. Bxf6 Rxf6 27. Rd4 Bd3 28.
Qc3 Qc7 29. Bf1 Bxf1 30. Rxf1 Rb5 31. a4 Rb7 32. b4 axb4 33. Rxb4 Qa5 34. Rfb1
Rff7 35. Qd4 Rxb4 36. Rxb4 Rb7 37. Rxb7 Qe1+ 38. Kg2 1/2-1/2

[Event "26th Chicago Open"]
[Site "Wheeling, IL"]
[Date "2017.05.28"]
[Round "7.34"]
[White "Ishkanov, Tigran"]
[Black "Lin, Andy"]
[Result "1-0"]
[WhiteElo "2271"]
[BlackElo "2147"]
[PlyCount "90"]
[EventDate "2017.05.??"]
[EventType "swiss"]
[EventRounds "9"]
[EventCountry "USA"]

1. e4 c5 2. Nf3 d6 3. d4 cxd4 4. Qxd4 a6 5. c4 Nc6 6. Qd2 Nf6 7. Nc3 e6 8. Be2
Be7 9. O-O O-O 10. Rd1 Qa5 11. a3 Rd8 12. b4 Qc7 13. Bb2 Ne5 14. Nxe5 dxe5 15.
Qe3 Bd7 16. c5 Bc6 17. Rac1 Rxd1+ 18. Rxd1 Rd8 19. Rxd8+ Qxd8 20. f3 Nd7 21.
Qd3 Qc7 22. Bc1 a5 23. Be3 axb4 24. axb4 b6 25. Nd5 exd5 26. exd5 bxc5 27. dxc6
Qxc6 28. b5 Qd6 29. Qe4 Nb6 30. f4 exf4 31. Bxf4 Qd7 32. Kf2 Bf6 33. Qc6 Qd8
34. Kf1 Nd5 35. Bd6 Ne3+ 36. Kg1 Bd4 37. Kh1 c4 38. Bc7 Qf8 39. b6 h6 40. Bd6
Qd8 41. b7 Qa5 42. b8=Q+ Kh7 43. Qb1+ g6 44. Qc7 Qg5 45. Qxf7+ Bg7 1-0

[Event "26th Chicago Open"]
[Site "Wheeling, IL"]
[Date "2017.05.28"]
[Round "7.36"]
[White "Zhang, Chao"]
[Black "Yoo, Christopher"]
[Result "1/2-1/2"]
[WhiteElo "2229"]
[BlackElo "2129"]
[PlyCount "217"]
[EventDate "2017.05.??"]
[EventType "swiss"]
[EventRounds "9"]
[EventCountry "USA"]

1. e4 c5 2. Nf3 d6 3. d4 cxd4 4. Nxd4 Nf6 5. Nc3 a6 6. Bg5 Nbd7 7. Qe2 Qc7 8.
O-O-O b5 9. g3 Bb7 10. Bg2 e6 11. Nd5 exd5 12. exd5+ Kd8 13. Rhe1 Kc8 14. Nc6
Bxc6 15. Qe8+ Nxe8 16. Rxe8+ Qd8 17. Rxd8+ Kc7 18. dxc6 Rxd8 19. Bxd8+ Kxd8 20.
cxd7 Kxd7 21. Bb7 a5 22. Rd5 Be7 23. Rxb5 Rb8 24. Bc6+ Kc7 25. Rxb8 Kxb8 26.
Bd5 f6 27. Kd2 Bd8 28. Kd3 Bb6 29. f3 Kc7 30. Kc4 Bg1 31. h3 Kb6 32. a4 h5 33.
Bf7 Bh2 34. Bxh5 Bxg3 35. Bg6 Kc6 36. c3 Be5 37. Be4+ Kb6 38. h4 Bf4 39. h5 Bc1
40. b4 Bd2 41. Bd3 Be1 42. b5 Bd2 43. Kd4 Kc7 44. c4 Bf4 45. Kd5 Be3 46. Ke6
Bf4 47. Be4 Be3 48. Bd5 Bf4 49. Bc6 Be3 50. Kd5 Bf4 51. Ke4 Bh6 52. Kf5 Kb6 53.
Ke6 Kc7 54. Be4 Bf4 55. Ke7 Be3 56. Bd5 Bf4 57. Kf7 Bh6 58. Ke6 Bf4 59. Ba8 Be3
60. Bc6 Bf4 61. Bd5 Be3 62. Kf5 Bg5 63. Bc6 Bh6 64. Ke6 Bf4 65. Kf7 Bh6 66. Kg6
Kb6 67. Bd5 Kc7 68. Kf7 Kb6 69. Ke8 Kc7 70. Kf7 Kb6 71. Kg8 Kc7 72. Kf8 Kb6 73.
Kf7 Kc7 74. Ke6 Be3 75. Kf5 Bg5 76. Kg6 Bh6 77. f4 Kb6 78. Kf7 Kc7 79. f5 Kb6
80. Ke6 Kc7 81. Ke7 Be3 82. Kf8 Bh6 83. Ke8 Be3 84. Ke7 Bf4 85. Ke6 Be3 86. Bg2
Bf4 87. Kd5 Be3 88. Ke4 Bg5 89. Kd4 Bh4 90. Kd5 Bf2 91. Ke4 Bh4 92. Bf3 Bg5 93.
Kd4 Bh4 94. Kd5 Bf2 95. Ke6 Be3 96. Kd5 Bf2 97. Ke4 Bh4 98. Kd4 Bf2+ 99. Kd3
Bg3 100. Ke4 Bh4 101. Kd5 Bf2 102. Ke6 Be3 103. b6+ Kxb6 104. Kxd6 Bc5+ 105.
Ke6 Be3 106. Kd5 Bf2 107. Kd6 Bg3+ 108. Ke6 Bf4 109. Kd5 1/2-1/2

[Event "26th Chicago Open"]
[Site "Wheeling, IL"]
[Date "2017.05.28"]
[Round "7.38"]
[White "Studen, Damir"]
[Black "Lehmann, Spencer"]
[Result "1/2-1/2"]
[WhiteElo "2212"]
[BlackElo "2137"]
[PlyCount "49"]
[EventDate "2017.05.??"]
[EventType "swiss"]
[EventRounds "9"]
[EventCountry "USA"]

1. d4 Nf6 2. c4 e6 3. Nf3 d5 4. Bg5 h6 5. Bxf6 Qxf6 6. Nc3 dxc4 7. Qa4+ c6 8.
Qxc4 g6 9. g3 Bg7 10. Bg2 O-O 11. Ne5 Nd7 12. f4 Rd8 13. Ne4 Qe7 14. e3 Nf6 15.
Nc5 Nd5 16. Qb3 b6 17. Ne4 Bb7 18. O-O Qb4 19. Qxb4 Nxb4 20. Rfc1 Rac8 21. a3
Nd5 22. Kf2 f5 23. Nc3 Bxe5 24. fxe5 Ba6 25. Nxd5 1/2-1/2

[Event "26th Chicago Open"]
[Site "Wheeling, IL"]
[Date "2017.05.28"]
[Round "7.39"]
[White "Kagan, Jonathan"]
[Black "Proleiko, Julian"]
[Result "0-1"]
[WhiteElo "2212"]
[BlackElo "2119"]
[PlyCount "146"]
[EventDate "2017.05.??"]
[EventType "swiss"]
[EventRounds "9"]
[EventCountry "USA"]

1. d4 Nf6 2. c4 e6 3. Nc3 Bb4 4. Qc2 O-O 5. a3 Bxc3+ 6. Qxc3 d5 7. Nf3 dxc4 8.
Qxc4 b6 9. Bg5 Ba6 10. Qc2 Qe7 11. e4 Bxf1 12. Kxf1 h6 13. h4 hxg5 14. hxg5 Nh7
15. e5 g6 16. Qe4 Kg7 17. Qxa8 c6 18. b4 a6 19. Rh3 Rd8 20. Rc1 Nxg5 21. Rg3
Nxf3 22. Rxf3 Qh4 23. Re1 Qxd4 24. Qb7 Nd7 25. Rfe3 Rh8 26. Kg1 Nxe5 27. Rxe5
Qh4 28. f3 Qh1+ 29. Kf2 Qh4+ 30. Ke2 Qc4+ 31. Kf2 Qh4+ 32. Ke2 Qc4+ 33. Ke3
Qc3+ 34. Kf4 Qd4+ 35. R5e4 Qf2 36. Qe7 Rh5 37. g4 Qd2+ 38. R4e3 Qh2+ 39. Ke4
Re5+ 40. Kd3 Rd5+ 41. Kc3 Qd2+ 42. Kb3 Rd3+ 43. Rxd3 Qxd3+ 44. Kb2 Qd2+ 45. Kb3
Qxe1 46. Qb7 Qd1+ 47. Kb2 Qe2+ 48. Kb1 Qxf3 49. Qxa6 b5 50. Kb2 Qe2+ 51. Kc3
Qc4+ 52. Kb2 e5 53. Qb7 Qd4+ 54. Kc2 Qe4+ 55. Kb2 Qxg4 56. Qxc6 Qd4+ 57. Kc2
Qf2+ 58. Kb3 Qe3+ 59. Kb2 Qd3 60. a4 Qd2+ 61. Ka3 Qd3+ 62. Kb2 bxa4 63. Qxa4
Qd4+ 64. Kc2 e4 65. Qb3 Qf2+ 66. Kd1 e3 67. Qd3 e2+ 68. Qxe2 Qxe2+ 69. Kxe2 Kf6
70. Kd3 Ke6 71. Kc4 Kd7 72. Kb5 Kc8 73. Ka6 Kb8 0-1

[Event "26th Chicago Open"]
[Site "Wheeling, IL"]
[Date "2017.05.28"]
[Round "7.40"]
[White "Wang, Jason"]
[Black "Miyasaka, Marcus"]
[Result "1-0"]
[WhiteElo "2016"]
[BlackElo "2197"]
[PlyCount "128"]
[EventDate "2017.05.??"]
[EventType "swiss"]
[EventRounds "9"]
[EventCountry "USA"]

1. d4 Nf6 2. c4 e6 3. Nf3 d5 4. Nc3 Bb4 5. cxd5 exd5 6. Bg5 h6 7. Bh4 c5 8.
dxc5 Nbd7 9. Qa4 Bxc3+ 10. bxc3 O-O 11. e3 g5 12. Bg3 Nxc5 13. Qb4 Nfe4 14. Be2
a5 15. Qa3 Qe7 16. O-O h5 17. Kh1 f6 18. Rad1 h4 19. Bxh4 gxh4 20. Nxh4 Qh7 21.
Nf3 Be6 22. Kg1 Rac8 23. Nd4 Rfd8 24. Qxa5 Ra8 25. Qb4 Qc7 26. c4 Bf7 27. cxd5
Ra4 28. Qb2 Bxd5 29. a3 Raa8 30. Rc1 Qd7 31. Rfd1 Na4 32. Qb4 Qd6 33. Qe1 Qxa3
34. Nb5 Qb2 35. Nc7 Nac3 36. Bf3 Nxd1 37. Rxd1 Rac8 38. Nxd5 Ng5 39. Ne7+ Kf7
40. Nxc8 Nxf3+ 41. gxf3 Rxc8 42. Qa5 Rc1 43. Qd5+ Kg7 44. Qd7+ Kg6 45. Qe8+ Kg7
46. Qe7+ Kg6 47. Qe4+ Kg7 48. Rxc1 Qxc1+ 49. Kg2 Qb2 50. h4 b5 51. h5 b4 52.
Qg6+ Kh8 53. h6 f5 54. Qxf5 b3 55. e4 Qc3 56. e5 Qc7 57. Qf6+ Kh7 58. e6 b2 59.
e7 Qxe7 60. Qxe7+ Kg6 61. Qg7+ Kf5 62. Qg4+ Ke5 63. h7 b1=Q 64. h8=Q+ Kd6 1-0

[Event "26th Chicago Open"]
[Site "Wheeling, IL"]
[Date "2017.05.29"]
[Round "7.43"]
[White "Jayaraman, Aravind"]
[Black "Kelly, Joey"]
[Result "0-1"]
[WhiteElo "2178"]
[BlackElo "2039"]
[PlyCount "98"]
[EventDate "2017.05.??"]
[EventType "swiss"]
[EventRounds "9"]
[EventCountry "USA"]

1. d4 Nf6 2. c4 e6 3. g3 d5 4. Nf3 Be7 5. Bg2 c6 6. O-O O-O 7. Qc2 b6 8. Rd1
Bb7 9. Nbd2 Na6 10. a3 Rc8 11. b4 c5 12. dxc5 bxc5 13. b5 Nb8 14. cxd5 exd5 15.
Bb2 Nbd7 16. Ne5 Nxe5 17. Bxe5 Ng4 18. Bb2 Qb6 19. Qf5 Nh6 20. Qh5 Qxb5 21.
Rab1 Qd7 22. Nc4 Rfd8 23. Bh3 Qe8 24. Bxc8 Rxc8 25. Bc1 Ba8 26. Ne3 d4 27. Nd5
Bf8 28. Bxh6 Qe4 29. f3 Qxd5 30. Qxd5 Bxd5 31. Bf4 f6 32. Rb8 Rc6 33. Rdb1 g5
34. Rd8 gxf4 35. Rbb8 c4 36. Rxf8+ Kg7 37. Rfc8 fxg3 38. hxg3 Re6 39. Rc7+ Kg6
40. Rd8 Re5 41. f4 Rh5 42. g4 Rh1+ 43. Kf2 Rh2+ 44. Kg3 Rg2+ 45. Kh3 Be4 46.
Rxd4 Rxe2 47. Rcxc4 Re3+ 48. Kh4 Bg2 49. f5+ Kh6 0-1

[Event "26th Chicago Open"]
[Site "Wheeling, IL"]
[Date "2017.05.28"]
[Round "7.46"]
[White "Saleem, Arshaq"]
[Black "Gustafsson, Alexander"]
[Result "0-1"]
[WhiteElo "2042"]
[BlackElo "1974"]
[PlyCount "82"]
[EventDate "2017.05.??"]
[EventType "swiss"]
[EventRounds "9"]
[EventCountry "USA"]

1. d4 d5 2. c4 c6 3. Nf3 Nf6 4. g3 Bf5 5. Nc3 e6 6. Nh4 Be4 7. f3 Bg6 8. Qb3
Nbd7 9. Nxg6 hxg6 10. Qxb7 Rb8 11. Qxc6 Rc8 12. Qa6 Nh5 13. Bg2 Rxc4 14. e3 Bb4
15. O-O O-O 16. Rd1 Bxc3 17. bxc3 Qc7 18. g4 Rc6 19. Qa4 Nb6 20. Qa5 Nf6 21.
Bf1 Rc8 22. Ba3 Nc4 23. Qxc7 R8xc7 24. Bxc4 Rxc4 25. Bb4 Nd7 26. a4 Rb7 27.
Rdb1 Rc6 28. a5 Ra6 29. Kf2 g5 30. c4 dxc4 31. Bc3 Rc7 32. Rb5 f6 33. Ra4 Kf7
34. Rbb4 Rac6 35. e4 Ke7 36. Ke3 Nf8 37. d5 exd5 38. exd5 Rc5 39. Kd4 Kd6 40.
Rxc4 Rxd5+ 41. Ke4 Re7+ 0-1

[Event "26th Chicago Open"]
[Site "Wheeling, IL"]
[Date "2017.05.28"]
[Round "7.47"]
[White "Johnston, Daniel"]
[Black "Guddanti, Harshita"]
[Result "0-1"]
[WhiteElo "1935"]
[BlackElo "2007"]
[PlyCount "56"]
[EventDate "2017.05.??"]
[EventType "swiss"]
[EventRounds "9"]
[EventCountry "USA"]

1. e4 c5 2. Nf3 d6 3. d4 cxd4 4. Nxd4 Nf6 5. Nc3 g6 6. Be3 Bg7 7. f3 O-O 8. Qd2
Nc6 9. g4 Be6 10. Nxe6 fxe6 11. O-O-O Qc8 12. h4 Ne5 13. Be2 Nfd7 14. f4 Nc4
15. Bxc4 Qxc4 16. e5 Rad8 17. h5 dxe5 18. hxg6 hxg6 19. fxe5 Bxe5 20. Rh6 Bg7
21. Rxg6 Ne5 22. Rxg7+ Kxg7 23. Bh6+ Kh7 24. Qh2 Rxd1+ 25. Nxd1 Nd3+ 26. Kb1
Rf1 27. Bc1+ Kg8 28. Qb8+ Kf7 0-1

[Event "26th Chicago Open"]
[Site "Wheeling, IL"]
[Date "2017.05.28"]
[Round "7.48"]
[White "Virkud, Apurva"]
[Black "Ramoutar, Alan-Safar"]
[Result "1-0"]
[WhiteElo "2252"]
[BlackElo "1943"]
[PlyCount "65"]
[EventDate "2017.05.??"]
[EventType "swiss"]
[EventRounds "9"]
[EventCountry "USA"]

1. d4 Nf6 2. c4 g6 3. f3 Bg7 4. e4 d6 5. Nc3 O-O 6. Be3 a6 7. Qd2 Nc6 8. Bd3 e5
9. d5 Nd4 10. Nge2 Nh5 11. O-O f5 12. Rac1 f4 13. Bf2 c5 14. dxc6 bxc6 15. c5
Qg5 16. Nxd4 exd4 17. Na4 Bh3 18. Be1 Be5 19. cxd6 Bxd6 20. Bc4+ Kh8 21. Kh1
Bc8 22. Qxd4+ Be5 23. Qxe5+ Qxe5 24. Bc3 Qxc3 25. Rxc3 Rb8 26. Rd1 Ng7 27. b3
Ne8 28. Rd8 Kg7 29. Bxa6 Nf6 30. Rxf8 Kxf8 31. Rxc6 Bd7 32. Rxf6+ Ke7 33. Rb6
1-0

[Event "26th Chicago Open"]
[Site "Wheeling, IL"]
[Date "2017.05.28"]
[Round "7.50"]
[White "Matus, Nastassja"]
[Black "Mills, James"]
[Result "0-1"]
[WhiteElo "1885"]
[BlackElo "2097"]
[PlyCount "88"]
[EventDate "2017.05.??"]
[EventType "swiss"]
[EventRounds "9"]
[EventCountry "USA"]

1. d4 f5 2. g3 Nf6 3. Bg2 g6 4. Nf3 Bg7 5. O-O O-O 6. b3 d6 7. Bb2 c6 8. c4 Na6
9. e3 Bd7 10. Qe2 Kh8 11. Nbd2 e5 12. dxe5 Ng4 13. Rfd1 dxe5 14. h3 e4 15.
Bxg7+ Kxg7 16. hxg4 exf3 17. Nxf3 Qe7 18. Qb2+ Kg8 19. Qe5 Rae8 20. Qxe7 Rxe7
21. gxf5 Bxf5 22. Rd2 Nc5 23. Rf1 a5 24. Nd4 Bc8 25. Bxc6 bxc6 26. Nxc6 Ref7
27. f3 Ne4 28. Rd8 Nxg3 29. Rxf8+ Rxf8 30. Rf2 Bb7 31. Nxa5 Bxf3 32. b4 Ne4 33.
Rf1 Rf5 34. Rxf3 Rxf3 35. c5 Rxe3 36. c6 Nd6 37. a4 Re1+ 38. Kg2 Ra1 39. Nb7
Nc8 40. Nc5 Rc1 41. c7 Rxc5 42. bxc5 Kf7 43. Kf3 Ke6 44. Ke4 g5 0-1

[Event "26th Chicago Open"]
[Site "Wheeling, IL"]
[Date "2017.05.29"]
[Round "8.1"]
[White "Sevian, Samuel"]
[Black "Friedel, Joshua"]
[Result "1/2-1/2"]
[WhiteElo "2585"]
[BlackElo "2528"]
[PlyCount "74"]
[EventDate "2017.05.??"]
[EventType "swiss"]
[EventRounds "9"]
[EventCountry "USA"]
[WhiteClock "0:10:12"]
[BlackClock "0:10:34"]

1. e4 e5 2. Nf3 Nc6 3. Bb5 a6 4. Ba4 d6 5. O-O Bd7 6. c3 g6 7. d4 Bg7 8. Re1
Nf6 9. d5 Ne7 10. Bxd7+ Nxd7 11. Be3 h6 12. Nfd2 f5 13. f3 Bf6 14. Bf2 Bg5 15.
c4 h5 16. Nc3 O-O 17. Rb1 Bh6 18. b4 b6 19. exf5 gxf5 20. c5 Nf6 21. Nc4 b5 22.
Ne3 Qe8 23. a4 Bxe3 24. Rxe3 bxa4 25. Rd3 Rb8 26. Rd2 Kh7 27. Qxa4 Qxa4 28.
Nxa4 Nexd5 29. Bh4 Rxb4 30. Rxb4 Nxb4 31. cxd6 cxd6 32. Rxd6 Nfd5 33. Nb6 Nxb6
34. Rxb6 a5 35. Rb7+ Kg6 36. Be7 Rc8 37. Bxb4 axb4 1/2-1/2

[Event "26th Chicago Open"]
[Site "Wheeling, IL"]
[Date "2017.05.29"]
[Round "8.2"]
[White "Brown, Michael"]
[Black "Gurevich, Daniel"]
[Result "1-0"]
[WhiteElo "2489"]
[BlackElo "2460"]
[PlyCount "75"]
[EventDate "2017.05.??"]
[EventType "swiss"]
[EventRounds "9"]
[EventCountry "USA"]
[WhiteClock "0:01:13"]
[BlackClock "0:14:02"]

1. d4 d5 2. Nf3 Nf6 3. c4 dxc4 4. Qa4+ Nbd7 5. Nc3 e6 6. e4 Be7 7. Bxc4 O-O 8.
Qc2 c5 9. e5 Nd5 10. Bxd5 exd5 11. Nxd5 cxd4 12. Qe4 Nc5 13. Qxd4 Bf5 14. O-O
Ne6 15. Nxe7+ Qxe7 16. Qh4 Qxh4 17. Nxh4 Bc2 18. Be3 g5 19. Nf3 g4 20. Nd2 Rfd8
21. Rfc1 Rac8 22. b3 Nd4 23. Bxd4 Rxd4 24. Nc4 Bd3 25. Rd1 Rc5 26. Rd2 Rdd5 27.
Ne3 Rd7 28. Rad1 Rc3 29. Nxg4 Kf8 30. e6 Rdc7 31. Ne5 Bc2 32. exf7 Rxf7 33. Rc1
Re7 34. f4 Rec7 35. Nc4 b5 36. Rcxc2 Rxc2 37. Rxc2 bxc4 38. Rxc4 1-0

[Event "26th Chicago Open"]
[Site "Wheeling, IL"]
[Date "2017.05.29"]
[Round "8.3"]
[White "Nyzhnyk, Illia"]
[Black "Li, Ruifeng"]
[Result "1-0"]
[WhiteElo "2610"]
[BlackElo "2574"]
[PlyCount "49"]
[EventDate "2017.05.??"]
[EventType "swiss"]
[EventRounds "9"]
[EventCountry "USA"]
[WhiteClock "0:28:28"]
[BlackClock "1:06:16"]

1. c4 Nf6 2. Nc3 c5 3. Nf3 Nc6 4. e3 e6 5. d4 d5 6. cxd5 exd5 7. Bb5 Bd6 8.
dxc5 Bxc5 9. O-O O-O 10. b3 Bg4 11. Be2 a6 12. Bb2 Qd6 13. h3 Bf5 14. Bd3 Bd7
15. Rc1 Rfe8 16. Bb1 Rad8 17. Nxd5 Nxd5 18. Qc2 Qh6 19. Qxc5 Bxh3 20. Rc4 Bxg2
21. Kxg2 Qh5 22. Kg3 g5 23. Rg4 h6 24. Nxg5 hxg5 25. Rh1 1-0

[Event "26th Chicago Open"]
[Site "Wheeling, IL"]
[Date "2017.05.29"]
[Round "8.4"]
[White "Georgiev, Vladimir"]
[Black "Belous, Vladimir"]
[Result "0-1"]
[WhiteElo "2511"]
[BlackElo "2587"]
[PlyCount "95"]
[EventDate "2017.05.??"]
[EventType "swiss"]
[EventRounds "9"]
[EventCountry "USA"]
[WhiteClock "0:44:56"]
[BlackClock "0:24:50"]

1. d4 Nf6 2. c4 g6 3. Nc3 d5 4. cxd5 Nxd5 5. e4 Nxc3 6. bxc3 Bg7 7. Qa4+ Nd7 8.
h4 c5 9. h5 O-O 10. e5 cxd4 11. cxd4 Nb6 12. Qd1 Bf5 13. Nf3 Qd5 14. Be2 gxh5
15. Nh4 Bg6 16. Bxh5 Rfd8 17. Bxg6 hxg6 18. Nf3 Nc4 19. Qb3 Rac8 20. Kf1 a5 21.
Bf4 b5 22. Rd1 Nb6 23. Bd2 b4 24. Qxd5 Nxd5 25. Ke2 Rc2 26. Kd3 Rxa2 27. Ra1
Rxa1 28. Rxa1 Ra8 29. Kc4 e6 30. Ne1 Bf8 31. Kb3 Nb6 32. Rc1 a4+ 33. Kb2 Rd8
34. Be3 Nd5 35. Bg5 Be7 36. Bxe7 Nxe7 37. Rc4 Nd5 38. Nd3 Rb8 39. Rc1 Kg7 40.
Nc5 Nc3 41. Na6 Rb5 42. Nc7 Ra5 43. Rh1 Nd5 44. Ne8+ Kg8 45. Rc1 Ra8 46. Nd6
Nc3 47. f4 Ne2 48. Rh1 0-1